00386cam a2200157ua 45000010005000000080039000050400009000440410012000530820012000651000024000772450024001012500009001252600045001343000009001796530040001889292120117n1998 II |||gr||||Z||||||eng aMAIN aEnglish a531 GOL aGOLDSTEIN, HERBERT. aCLASSICAL MECHANICS a2ND. aNEW DELHIbNAROSA PUBLISHING HOUSEc1998 a684. aClassical mechanics solid mechanics